Saulius Sirmelis

Bibliographic Details
Main Author: Jacoš, Ján, 1963- (Author)
Format: Article
Language:Slovak
PhysicalDescription:Fotogr.
ISSN:1336-4030
Subjects:
Online Access:www.vecernik.po.sk

MARC

LEADER 00000nab a2200000 a 4500
001 vtls008627025
003 SK-MaSNL
005 20260304000628.0
008 060301c20060109xo dr n 000 00slo
015 |a SNBRB2006/03SVKPO 
038 |a SVKPOCL 
040 |a SVKPOCL  |b slo  |c AACR2  |e AACR2 
041 |a slo 
044 |a xo  |c SK 
080 |a 796.332.071.4  |2 2001 
080 |a 929 Sirmelis, Saulius  |2 2001 
100 1 |a Jacoš, Ján,  |d 1963-  |4 aut  |9 11515 
245 1 0 |a Saulius Sirmelis  |c [autor] (jac) 
300 |a Fotogr. 
610 2 7 |a FC Tatran Prešov  |2 svkpocl  |9 214919 
650 0 7 |a futbaloví tréneri  |2 svkpocl  |9 68566 
651 7 |a Prešov (Slovensko)  |2 svkpocl  |9 17347 
773 0 |t Prešovský večerník  |g Roč. XVI, č. 3868 (9.1.2006)  |x 1336-4030 
773 0 8 |i Príl.:  |t Šport Extra  |g Č. 2 (9. januára 2006), s. 9 
852 |a SVKPO  |b KIS3GCP 
856 4 1 |u www.vecernik.po.sk 
958 |a BX 
958 |a LT 
999 |c 2532113  |d 2534043